| 000 | 00613nam a2200193 a 4500 | ||
|---|---|---|---|
| 005 | 20210223120723.0 | ||
| 008 | 991125s1973 es 000 0 spa u | ||
| 035 | _aUPN01000006121 | ||
| 049 | _aCG | ||
| 050 | 4 |
_aDP212 _bA7.3 |
|
| 100 | 1 | _aArtola, Miguel | |
| 245 | 1 | 3 |
_aLa burguesía revolucionaria (1800-1874) / _cMiguel Artola. |
| 260 |
_aMadrid : _bAlianza, _c1973. |
||
| 300 |
_a440 p. : _bil. |
||
| 440 | 0 |
_aAlianza universidad ; _v46 |
|
| 651 | 4 |
_aESPAÑA - _xHISTORIA - _yEPOCA REVOLUCIONARIA, 1868-1875 _922348 |
|
| 651 | 4 |
_aESPAÑA - _xHISTORIA - _yRESTAURACION BORBONICA, 1814-1868 _922352 |
|
| 905 | _aLibro | ||
| 999 |
_c6121 _d6121 |
||